Największe i najmniejsze państwa świata - Statystyki

Ogólne statystyki
  • Ten quiz został rozwiązany 4 291 razy
  • Średni wynik to 13 z 20
Statystyki odpowiedzi
Powierzchnia Kraj % Poprawnych
17,098,242 Rosja
98%
9,596,960 Chiny
96%
9,526,468 Stany Zjednoczone
96%
9,984,670 Kanada
95%
0,44 Watykan
93%
8,515,767 Brazylia
89%
3,287,263 Indie
82%
7,682,300 Australia
78%
61 San Marino
78%
2 Monako
77%
2,780,400 Argentyna
76%
2,724,900 Kazachstan
68%
2,381,741 Algieria
55%
316 Malta
46%
21 Nauru
42%
26 Tuvalu
35%
181 Wyspy Marshalla
26%
261 Saint Kitts i Nevis
25%
298 Malediwy
23%
160 Liechtentsein
3%
Nie znaleziono quizów pasujących do podanych kryteriów
Rozkład punktacji
Procent ludzi z każdym wynikiem
Percentyl według liczby udzielonych odpowiedzi
Twoja historia wyników
Nie rozwiązałeś tego quizu